000 00563nam a2200229Ia 4500
003 OSt
005 20221005133124.0
006 a|||||r|||| 00| 0
007 ta
008 221004b |||||||| |||| 00| 0 san d
024 _a53637
037 _cTextual
040 _aCRL
_cCRL
_bsan
041 _2san
_asan
082 _aO15,1xG, 32L3
100 _aSukumarakavi
_9642095
245 0 _aVilasamurali
260 _c1973
650 _aSANSKRIT LITERATURE
942 _hO15,1xG, 32L3
_cTEXL
_2cc
999 _c1065791
_d1065791